Admiralty of handbook of wireless telegraphy (Record no. 7619)

MARC details
000 -LEADER
fixed length control field 00607nam a2200169Ia 4500
003 - CONTROL NUMBER IDENTIFIER
control field IN-BaIIA
008 - FIXED-LENGTH DATA ELEMENTS--GENERAL INFORMATION
fixed length control field 211028s9999 xx 000 0 eng d
040 ## - CATALOGING SOURCE
Transcribing agency IIA Library
080 ## - UNIVERSAL DECIMAL CLASSIFICATION NUMBER
Universal Decimal Classification number 621.394(035)
Item number HMSO
110 ## - MAIN ENTRY--CORPORATE NAME
Corporate name or jurisdiction name as entry element His Majesty's Stationery Office(HMSO)
9 (RLIN) 12889
245 #0 - TITLE STATEMENT
Title Admiralty of handbook of wireless telegraphy
Remainder of title vol.II, wirless telegraphy theory
Statement of responsibility, etc. His Majesty's Stationery Office(HMSO)
260 ## - PUBLICATION, DISTRIBUTION, ETC.
Place of publication, distribution, etc. London
Name of publisher, distributor, etc. Her Majesty's Stationary Office
Date of publication, distribution, etc. 1938
300 ## - PHYSICAL DESCRIPTION
Extent [various pagings.]
500 ## - GENERAL NOTE
General note Donated by Mrs. Bappu
650 ## - SUBJECT ADDED ENTRY--TOPICAL TERM
Topical term or geographic name entry element Wireless Telegraphy.
9 (RLIN) 12890
942 ## - ADDED ENTRY ELEMENTS (KOHA)
Koha item type Books
Holdings
Withdrawn status Lost status Damaged status Not for loan Home library Current library Shelving location Date acquired Total Checkouts Full call number Barcode Date last seen Price effective from Koha item type
        IIA Library-Bangalore IIA Library-Kavalur General Stacks 21/07/1983   621.394(035)/ HMSO 8433 05/11/2021 21/07/1983 Books

Powered by Koha